书目信息 |
| 题名: |
家畜微生物学
|
|
| 作者: | 尾形学 著 | |
| 分册: | ||
| 出版信息: | 北京 农业出版社 1982.09 |
|
| 页数: | 247页 | |
| 开本: | 26cm | |
| 丛书名: | ||
| 单 册: | ||
| 中图分类: | S852.6 | |
| 科图分类: | ||
| 主题词: | 兽医学 | |
| 电子资源: | ||
| ISBN: | ||
| 000 | 00581nam0 2200205 450 | |
| 001 | 0855889684 | |
| 005 | 20081009155153.34 | |
| 010 | @dCNY1.70 | |
| 091 | @a16144.2422 | |
| 100 | @a20080923d1982 km y0chiy0120 ea | |
| 101 | 0 | @achi |
| 102 | @aCN@b110000 | |
| 200 | 1 | @a家畜微生物学@Ajia chu wei sheng wu xue@f(日)尾形学等著@F(ri)wei xing xue deng zhu |
| 210 | @a北京@c农业出版社@d1982.09 | |
| 215 | @a247页@d26cm | |
| 606 | 0 | @a兽医学 |
| 690 | @aS852.6@v4 | |
| 701 | 0 | @a尾形学@Awei xing xue@4著 |
| 801 | 0 | @aCN@b大连网信软件有限公司图书馆·11@c20081009 |
| 905 | @aBZT@dS852.6@e30 | |
| 家畜微生物学/(日)尾形学等著.-北京:农业出版社,1982.09 |
| 247页;26cm |
| ISBN :CNY1.70 |
| ● |
| 相关链接 |
|
|
|
正题名:家畜微生物学
索取号:S852.6/30
 
预约/预借
| 序号 | 登录号 | 条形码 | 馆藏地/架位号 | 状态 | 备注 |
| 1 | 029267 | 201242618 | 中心书库中库/ 中库031架A面2列2层39/ [索取号:S852.6/30] | 在馆 | |
| 2 | 029270 | 201266575 | 中心书库中库/ 中库031架B面1列3层46/ [索取号:S852.6/30] | 在馆 |